• 首页
  • 本馆介绍
  • 公告通知
  • 最新文献
  • 馆藏检索
  • 电子资源
  • 读者导购
  • 参考咨询
  • 我的图书馆
  • 登录
  • 详细信息显示
  • 放入我的书架
  • 预约/预借图书
  • 作者相关作品
  • 分类相关作品
  • 丛书相关作品
  • 出版社相关作品

书目信息

  • 表格格式
  • 工作单格式
  • 卡片格式
题名:
上海战“疫”硬核科普
    
 
作者: 邬惊雷 主编
分册:  
出版信息: 上海   上海科学技术出版社  2020
页数: 207页
开本: 24cm
丛书名:
单 册:
中图分类: R563.101-49 , R563.1
科图分类:
主题词: 日冕形病毒--病毒病--肺炎--预防(卫生)--普及读物
电子资源:
ISBN: 978-7-5478-4883-8
000 01008nam0 2200229 450
001 2375270068
005 20231109205450.42
010    @a978-7-5478-4883-8@dCNY48.00
100    @a20200713d2020 em y0chiy50 ea
101 0  @achi
102    @aCN@b310000
105    @aa z 000yy
200 1  @a上海战“疫”硬核科普@9shang hai zhan“ yi” ying he ke pu@f邬惊雷主编
210    @a上海@c上海科学技术出版社@d2020
215    @a207页@c彩图@d24cm
330    @a健康科普是疫情防控的硬核力量。本书系统回顾、精心梳理了上海疫情防控中数千篇健康科普文章,汇集成册。全书共分五章:历历在目的科普大事记、屡屡刷屏的健康金句、独具慧眼的经典述评、包罗万象的防护知识,以及新闻发布会上的健康提示......充分体现上海理性、自律、开明、睿智的战“疫”精神。上海还将推出全国首个省级市民健康公约,让防疫经验成为健康生活启示录。
606 0  @a日冕形病毒@x病毒病@x肺炎@x预防(卫生)@j普及读物
690    @aR563.101-49@v5
690    @aR563.1@v4
701  0 @a邬惊雷@9wu jing lei@4主编
801  0 @aCN@b91MARC@c20200713
905    @aBZT@dR563.1@e23
    
    上海战“疫”硬核科普/邬惊雷主编.-上海:上海科学技术出版社,2020
    207页:彩图;24cm
    
    
    ISBN 978-7-5478-4883-8:CNY48.00
    健康科普是疫情防控的硬核力量。本书系统回顾、精心梳理了上海疫情防控中数千篇健康科普文章,汇集成册。全书共分五章:历历在目的科普大事记、屡屡刷屏的健康金句、独具慧眼的经典述评、包罗万象的防护知识,以及新闻发布会上的健康提示......充分体现上海理性、自律、开明、睿智的战“疫”精神。上海还将推出全国首个省级市民健康公约,让防疫经验成为健康生活启示录。
●
相关链接 在五车中查询图书 在当当中查询图书 在豆瓣中查询图书


正题名:上海战"疫"硬核科普     索取号:R563.1/23         预约/预借

序号 登录号 条形码 馆藏地/架位号 状态 备注
1 2000980256   2000980256   中教第一批/山东中教(第一批)/233/ [索取号:R563.1/23] 在馆    
2 2000980257   2000980257   中教第一批/山东中教(第一批)/233/ [索取号:R563.1/23] 在馆    
3 2000980258   2000980258   中教第一批/山东中教(第一批)/233/ [索取号:R563.1/23] 在馆    
4 2000980259   2000980259   中教第一批/山东中教(第一批)/233/ [索取号:R563.1/23] 在馆    
5 2000980260   2000980260   中教第一批/山东中教(第一批)/233/ [索取号:R563.1/23] 在馆    
6 2000980261   2000980261   中教第一批/山东中教(第一批)/233/ [索取号:R563.1/23] 在馆    
山东省滨州职业学院图书馆 欢迎您!
大连网信软件有限公司© 版权所有